000 01095naa a22003137a 4500
001 BR9509956
003 BR-BrBNA
005 20240918181440.0
007 ta
008 230509b bl.||||| |||| 00| 0 por d
040 _aBR-BrBNA
_bpor
_cBiblioteca Nacional de Agricultura
041 _a(Pt)
072 _aQ70
_b0140
090 _aQ70 BR9509956
100 1 _aBlum, M.M.C.
100 1 _aReis, E.M.
100 1 _aMatsumura, A.T.
100 1 _aMartineli, J.A.
111 1 _a15. Reuniao da Comissao Sulbrasileira de Pesquisa de Aveia
_cEntre Rios, PR (Brazil)
_d5-7 Apr 1995
245 1 _aDecomposicao de residuos culturais de aveia
260 3 _aGuarapuava, PR (Brasil):
_c1995.
500 _a15. Reuniao da Comissao Sulbrasileira de Pesquisa de Aveia Guarapuava, PR (Brasil): 1995. p. 187-188 (BR9509956-AM)Q70
650 _aAveia
650 _aResiduo
650 _aDecomposicao
773 0 _t15. Reuniao da Comissao Sulbrasileira de Pesquisa de Aveia
_wQ70 BR9509956
_gGuarapuava, PR (Brasil), 1995. p. 187-188
909 _a202404
_bLucia
_c55
_dLucia Elande
942 _cAM
_2AGRIS
999 _c325317
_d325317